000 00392nam a22001577a 4500
003 OSt
008 260417b |||||||| |||| 00| 0 eng d
082 _a581.2326
_bR22S
100 _aRay, Nitesh Kumar
245 _aStudies on Foliar Blight of Wheat
260 _aPusa, Samastipur
_bRAU, Pusa
_c2002
300 _a32P.
502 _bMsc.
_d2002
650 _aPlant Pathology
942 _2ddc
_cT
999 _c50087
_d50087